| 000 | 00454nam a22001577a 4500 | ||
|---|---|---|---|
| 008 | 230216b |||||||| |||| 00| 0 eng d | ||
| 020 | _a978-93-89688-08-5 | ||
| 082 |
_24th ed _a581.01 SIN |
||
| 100 | _aGurcharan Singh | ||
| 245 |
_aPlant Systematics: _bTheory and Practice _cGurcharan Singh |
||
| 250 | _a4th ed | ||
| 260 |
_aNew Delhi: _b CBS Publishers & Distributors Pvt Ltd _c2022 |
||
| 300 |
_a618 p. _c24.3 cm |
||
| 942 | _2ddc | ||
| 999 |
_c9294 _d9295 |
||